[Event "10th ECC w"]
[Site "Saint Vincent ITA"]
[Date "2005.09.24"]
[Round "7"]
[White "Muhren,B"]
[Black "Kovalevskaya,E"]
[Result "0-1"]
[WhiteElo "2269"]
[BlackElo "2471"]
[EventDate "2005.09.18"]

1. e4 c5 2. Nf3 d6 3. d4 cxd4 4. Nxd4 Nf6 5. Nc3 Nc6 6. Bg5 a6 7. Qd2 Nxd4
8. Qxd4 Qa5 9. Qd2 e6 10. f3 Be7 11. h4 b5 12. g4 Bb7 13. Bd3 h5 14. gxh5
Rxh5 15. O-O-O O-O-O 16. Kb1 Qc7 17. Ne2 d5 18. e5 Ng8 19. Bxe7 Nxe7 20. f4
Rdh8 21. Rhg1 g6 22. Nd4 Rxh4 23. Rg3 Nc6 24. Bf1 Rh2 25. Bg2 Nxd4 26. Qxd4
Bc6 27. Bf1 Kb7 28. Rc3 Qb6 29. Qb4 Rc8 30. a3 Rc7 31. Rc5 Rh1 32. c3 Rh4
33. Qd4 g5 34. b4 Rxf4 35. Qg1 Bd7 36. Qxg5 Rf3 37. Qe7 Bc8 38. Rxc7+ Qxc7
39. Qxc7+ Kxc7 40. Re1 Bb7 41. Kc2 Rf2+ 42. Kd3 f6 43. exf6 Rxf6 44. Ke3
Kd6 45. Bd3 e5 46. a4 bxa4 47. Ra1 e4 48. Be2 Ke5 49. Rxa4 Rh6 50. Ra1 Rh3+
51. Kd2 e3+ 52. Kc2 Bc8 53. Bxa6 Bf5+ 54. Kb3 Rh2 55. b5 Rh6 56. Kb4 Bd3
57. Ka5 Rh8 58. Kb6 e2 59. Kc5 Rf8 60. Re1 Rf1 61. Rxe2+ Bxe2 62. Bb7 Rb1
63. b6 Rb5+ 64. Kc6 Rb3 0-1

[Event "10th ECC w"]
[Site "Saint Vincent ITA"]
[Date "2005.09.24"]
[Round "7"]
[White "Korbut,E"]
[Black "Zhukova,N"]
[Result "1-0"]
[WhiteElo "2409"]
[BlackElo "2478"]
[EventDate "2005.09.18"]

1. e4 e5 2. Bc4 Nc6 3. d3 Nf6 4. Nc3 h6 5. Nge2 Na5 6. Ng3 g6 7. Bb3 Nxb3
8. axb3 Bg7 9. f4 exf4 10. Bxf4 d6 11. Qd2 Be6 12. O-O Qd7 13. e5 Ng4 14.
exd6 g5 15. Be3 a6 16. d4 Qxd6 17. Nce4 Qb6 18. Nh5 Be5 19. Nhf6+ Bxf6 20.
Nxf6+ Nxf6 21. Rxf6 O-O-O 22. Ra5 Qc6 23. c4 Qe4 24. Qc3 Rhe8 25. Re5 Qb1+
26. Rf1 Qg6 27. Bf2 f6 28. Ra5 f5 29. b4 f4 30. b5 axb5 31. d5 Bg4 32. Qb4
b6 33. Ra7 bxc4 34. Qb5 1-0

[Event "10th ECC w"]
[Site "Saint Vincent ITA"]
[Date "2005.09.24"]
[Round "7"]
[White "Kosintseva,N"]
[Black "Demina,J"]
[Result "1/2-1/2"]
[WhiteElo "2490"]
[BlackElo "2298"]
[EventDate "2005.09.18"]

1. e4 e5 2. Nf3 Nc6 3. Bb5 a6 4. Ba4 d6 5. O-O Bg4 6. h3 h5 7. c3 b5 8. Bb3
Na5 9. Bc2 c5 10. d4 Bxf3 11. Qxf3 cxd4 12. cxd4 Nc6 13. d5 Nd4 14. Qd1 g6
15. Be3 Bg7 16. Nd2 Ne7 17. Bd3 O-O 18. f4 f5 19. fxe5 Bxe5 20. Bh6 Rf7 21.
Nf3 Nxf3+ 22. Qxf3 Bxb2 23. Rae1 f4 24. g3 Bd4+ 25. Kh1 Qa5 26. gxf4 Rc8
27. f5 Qxa2 28. Bf4 Rc3 29. Bxd6 Qb3 30. Rd1 gxf5 31. Rd2 a5 32. Bxe7 Rxe7
33. Qxf5 Bg7 34. d6 Re5 35. d7 Rxf5 36. d8=Q+ Rf8 37. Rxf8+ Bxf8 38. Rg2+
Kf7 39. Rf2+ Ke6 40. Qxf8 Rxd3 41. Qf5+ Kd6 42. Qf8+ Ke6 43. Qf7+ Kd6 44.
Qf8+ Ke6 1/2-1/2

[Event "10th ECC w"]
[Site "Saint Vincent ITA"]
[Date "2005.09.24"]
[Round "7"]
[White "Kursova,M"]
[Black "Sudakova,I"]
[Result "0-1"]
[WhiteElo "2313"]
[BlackElo "2360"]
[EventDate "2005.09.18"]

1. d4 d5 2. Nf3 c6 3. c4 e6 4. e3 Nf6 5. Nc3 Nbd7 6. Qc2 Bd6 7. Bd3 O-O 8.
O-O dxc4 9. Bxc4 a6 10. e4 e5 11. Rd1 Qc7 12. g3 b5 13. Be2 Re8 14. a3 exd4
15. Nxd4 Be5 16. Bg5 h6 17. Be3 c5 18. Nf5 Bb7 19. f3 c4 20. Bf1 Nc5 21.
Qf2 Nb3 22. Rab1 Qc6 23. Bg2 Kh7 24. Ne2 Rad8 25. Ned4 Nxd4 26. Nxd4 Qc7
27. Rd2 Rd7 28. Rbd1 Red8 29. Qe2 c3 30. bxc3 Qxc3 31. Nc2 Rxd2 32. Rxd2
Rxd2 33. Qxd2 Qb2 34. Bf1 a5 35. Qd3 b4 36. axb4 axb4 37. Qb5 b3 38. Ne1
Qc3 39. Ng2 Bc6 40. Qd3 b2 41. Qxc3 Bxc3 42. Bd3 Bb5 43. Bb1 Nd7 44. f4 Nb8
45. Kf2 Nc6 46. Ne1 Nb4 47. Nc2 Nd3+ 48. Kf3 Kg8 49. Bb6 Nc1 50. Ke3 Nb3
51. Bd4 Bd2+ 52. Kf2 Nxd4 53. Nxd4 Bc4 54. Nf5 h5 55. Ne3 Ba6 56. Nd1 Bc1
57. h4 Kf8 58. Nc3 Ke7 59. e5 Kd7 60. f5 Kc6 61. f6 gxf6 62. exf6 Kd6 63.
Ne2 Ke5 64. Nc3 Kxf6 65. Nd5+ Ke5 66. Ne3 Kd4 67. Nf5+ Kc3 0-1

[Event "10th ECC w"]
[Site "Saint Vincent ITA"]
[Date "2005.09.24"]
[Round "7"]
[White "Todorovic,O"]
[Black "Vasilevich,T"]
[Result "1/2-1/2"]
[WhiteElo "2051"]
[BlackElo "2393"]
[EventDate "2005.09.18"]

1. e4 e6 2. d3 c5 3. Nf3 Nc6 4. g3 g6 5. Bg2 Bg7 6. O-O Nge7 7. c4 O-O 8.
Nc3 d5 9. cxd5 exd5 10. Bf4 dxe4 11. dxe4 Be6 12. Bd6 Bd4 13. e5 f6 14.
Nxd4 cxd4 15. Bxe7 Nxe7 16. exf6 Rxf6 17. Ne4 Rf5 18. Re1 Bf7 19. Bh3 Ra5
20. a4 Nc6 21. Rc1 Re5 22. Nc5 Rxe1+ 23. Qxe1 Qf6 24. b4 Re8 25. Qd2 Ne5
26. Nd7 Nxd7 27. Bxd7 Rd8 28. Bh3 d3 29. Bg2 b6 30. Rc3 Qd4 31. Rc7 a6 32.
Bf1 a5 33. bxa5 bxa5 34. Rc3 Bc4 35. h4 Rd5 36. Rc1 Kg7 37. Re1 Rd7 38. h5
h6 39. hxg6 Ba6 40. Rd1 Qxa4 41. Bh3 Re7 42. Bf5 Qd4 43. Qxa5 Bc4 44. Qb4
Qe5 45. Qxc4 Qxf5 46. Qxd3 Qxd3 47. Rxd3 Kxg6 48. Rd5 Ra7 49. Kg2 Ra3 50.
f4 Rb3 51. Kh3 Rb6 52. Kg4 Ra6 53. Re5 Rb6 54. f5+ Kf6 55. Re6+ Rxe6 56.
fxe6 Kxe6 57. Kh5 Kf5 1/2-1/2

[Event "10th ECC w"]
[Site "Saint Vincent ITA"]
[Date "2005.09.24"]
[Round "7"]
[White "Prudnikova,S"]
[Black "Todorovic,V"]
[Result "1-0"]
[WhiteElo "2370"]
[BlackElo "2109"]
[EventDate "2005.09.18"]

1. e4 c5 2. Nf3 e6 3. c4 a6 4. Nc3 Qc7 5. Be2 Nf6 6. O-O d6 7. d4 cxd4 8.
Nxd4 Be7 9. Be3 O-O 10. Qd2 b6 11. a4 Bb7 12. f3 Nbd7 13. a5 bxa5 14. Nb3
a4 15. Nxa4 Nc5 16. Na5 Rab8 17. b4 Nxa4 18. Rxa4 Bc8 19. Rc1 Bd7 20. Raa1
Rfc8 21. b5 d5 22. cxd5 Qd6 23. Nc6 Bxc6 24. bxc6 exd5 25. Bf4 Qb4 26. Qxb4
Rxb4 27. Bxa6 1-0

[Event "10th ECC w"]
[Site "Saint Vincent ITA"]
[Date "2005.09.24"]
[Round "7"]
[White "Gasparian,N"]
[Black "Gara,A"]
[Result "0-1"]
[WhiteElo "2227"]
[BlackElo "2372"]
[EventDate "2005.09.18"]

1. d4 d5 2. c4 Nc6 3. Nf3 Bg4 4. cxd5 Bxf3 5. dxc6 Bxc6 6. Nc3 e6 7. e4 Bb4
8. f3 Qh4+ 9. g3 Qh5 10. Be2 O-O-O 11. Be3 f5 12. Qb3 Bxc3+ 13. bxc3 Re8
14. Qa3 fxe4 15. f4 Qh3 16. Qxa7 Nf6 17. Kd2 Nd5 18. Qc5 Rhf8 19. Raf1 Kd7
20. Qa3 Ra8 21. Qb2 Ra5 22. Rf2 Rfa8 23. Bc4 Nb6 24. Bb3 Bd5 25. Ra1 Rb5
26. Ke1 Nc4 27. Qc1 Nxe3 28. c4 Ng2+ 29. Ke2 e3 30. cxd5 exf2 31. dxe6+ Kc8
32. e7 Kd7 33. Qc4 Rxb3 34. Qxb3 Nxf4+ 35. Kxf2 Qg2+ 36. Ke3 Nd5+ 37. Kd3
Qf3+ 38. Kc4 Nb6+ 39. Kb4 Ra4+ 0-1

[Event "10th ECC w"]
[Site "Saint Vincent ITA"]
[Date "2005.09.24"]
[Round "7"]
[White "Hoang Thanh Trang"]
[Black "Danielian,E"]
[Result "1-0"]
[WhiteElo "2476"]
[BlackElo "2433"]
[EventDate "2005.09.18"]

1. d4 d5 2. Nf3 c6 3. Bf4 Qb6 4. Qc1 Nf6 5. e3 Bf5 6. c4 e6 7. Nc3 h6 8.
Be2 Nbd7 9. h3 dxc4 10. Nd2 Bd3 11. Nxc4 Bxc4 12. Bxc4 c5 13. dxc5 Bxc5 14.
O-O Rc8 15. Na4 Qa5 16. Bb3 O-O 17. Qb1 Bb4 18. a3 Bd2 19. Bd1 b5 20. b4
Qa6 21. Qd3 e5 22. Bh2 Rfd8 23. Qxd2 bxa4 24. Qb2 Ne4 25. Bxe5 Nxe5 26.
Qxe5 Nd2 27. Re1 Qd3 28. Bxa4 Rd5 29. Qe7 Qg6 30. Rac1 Rf8 31. Rc6 Qd3 32.
Rc5 Rxc5 33. Qxc5 Rd8 34. Bb5 Qg6 35. Qc6 Qf5 36. Rc1 Ne4 37. f3 Ng5 38.
Bf1 Qe5 39. Qc3 Qg3 40. Kh1 Qf2 41. Qe1 Qb2 42. Rd1 Rc8 43. a4 g6 44. a5
Rc2 45. Rb1 Qa3 46. b5 Qd6 47. Qb4 Qg3 48. Qf4 Qf2 49. b6 axb6 50. axb6 Ne6
51. b7 Nxf4 52. b8=Q+ Kg7 53. Qxf4 1-0

[Event "10th ECC w"]
[Site "Saint Vincent ITA"]
[Date "2005.09.24"]
[Round "7"]
[White "Khurtsidze,N"]
[Black "Vajda,S"]
[Result "1/2-1/2"]
[WhiteElo "2449"]
[BlackElo "2392"]
[EventDate "2005.09.18"]

1. d4 d5 2. c4 dxc4 3. e3 e6 4. Bxc4 Nf6 5. Nf3 c5 6. Qe2 a6 7. dxc5 Bxc5
8. O-O Nc6 9. a3 b5 10. Bd3 O-O 11. b4 Be7 12. Bb2 Bb7 13. Nbd2 Qb8 14.
Rac1 h6 15. Ne4 Ng4 16. Rfd1 Nce5 17. Nxe5 Nxe5 18. Nc5 Bxc5 19. bxc5 Nxd3
20. Qxd3 Bd5 21. e4 Bc4 22. Qd6 Rd8 23. Qb6 f6 24. Bc3 Rxd1+ 25. Rxd1 Qf4
26. Re1 Rc8 27. Bb4 f5 28. Qxa6 Rc7 29. exf5 Qxf5 30. Qd6 Rf7 31. f3 Bd5
32. c6 Qc2 33. Bc5 Qc3 34. Rf1 Qa5 35. Qb8+ Kh7 36. Bb6 Qa6 37. c7 Bb7 38.
Bf2 Qc6 39. Bg3 Qc5+ 40. Kh1 Qc4 41. Rg1 Qc6 42. h3 e5 43. Kh2 Rxc7 44.
Bxe5 Rd7 45. Qf8 Qg6 46. Qb4 Bc6 47. Rc1 Rd5 48. Bxg7 Rg5 49. Qb2 Bxf3 50.
gxf3 Qd6+ 51. Kh1 Rxg7 52. Qxb5 Qg3 53. Qf5+ Rg6 54. Qd7+ Rg7 55. Qd3+ Rg6
56. Qf1 Rf6 57. Qg2 Rxf3 58. Rc7+ Qxc7 59. Qxf3 Qc1+ 60. Kg2 Qb2+ 1/2-1/2

[Event "10th ECC w"]
[Site "Saint Vincent ITA"]
[Date "2005.09.24"]
[Round "7"]
[White "Medvegy,N"]
[Black "Alexandrova,O"]
[Result "1/2-1/2"]
[WhiteElo "2387"]
[BlackElo "2397"]
[EventDate "2005.09.18"]

1. e4 e6 2. d4 d5 3. Nd2 dxe4 4. Nxe4 Nd7 5. Nf3 Ngf6 6. Nxf6+ Nxf6 7. c3
Be7 8. Bd3 O-O 9. O-O c5 10. dxc5 Bxc5 11. Bg5 Qc7 12. Qc2 h6 13. Bxf6 gxf6
14. Qa4 f5 15. Qh4 Kg7 16. Rfe1 Be7 17. Qh5 Bf6 18. Rad1 Qf4 19. h3 b6 20.
g3 Qc7 21. Bf1 Bb7 22. Bg2 Rad8 23. Nh2 Bxg2 24. Kxg2 Qc4 25. a3 Qb5 26.
Rxd8 Rxd8 27. Qe2 Qd5+ 28. Kg1 e5 29. Nf1 Qd3 30. Qh5 f4 31. gxf4 exf4 32.
Kh2 Qg6 33. Qf3 Bg5 34. Rd1 Rxd1 35. Qxd1 Qe4 36. Qg4 f5 37. Qd1 Kg6 38.
Kg1 f3 39. Nh2 Qe2 40. Qd6+ Kh5 41. Qd5 Qe4 42. c4 Qxd5 43. cxd5 Kg6 44.
Nxf3 Bf6 45. b3 Kf7 46. Nd2 b5 47. Nf1 Ke7 48. Ne3 Kd6 49. Nxf5+ Kxd5 50.
Kf1 Bb2 51. a4 bxa4 52. bxa4 Kc4 53. a5 Kb5 54. Nd6+ Kc5 55. Ne4+ Kc4 56.
f3 a6 57. Ke2 Kd4 58. Nd6 Bc3 59. Nf5+ Kc4 60. Kd1 Bxa5 61. Kc2 h5 62. h4
Bd8 63. Ng3 a5 64. Nxh5 a4 65. Kb2 Kb4 1/2-1/2